000 00227nam a22001097a 4500
999 _c12503
_d12503
020 _a9781260515046
082 _a005.74
100 _a Abraham Silberschatz
245 _aDatabase System Concepts
250 _a7th
942 _cBK